000 03017cam a2200337 4500500
005 20260201080502.0
041 _afre
042 _adc
100 1 0 _aAndersson, Jenny
_eauthor
700 1 0 _aPrat, Pauline
_eauthor
245 0 0 _aGouverner le « long terme »
260 _c2015.
500 _a19
520 _aLa prospective est un objet pertinent pour comprendre les savoirs et formes d’expertises mobilisés par l’action étatique contemporaine. Reposant sur des instruments allant de la quantification à la production qualitative de scénarios d’avenir, elle émerge dans les années 1960 comme une forme d’expertise étatique capable d’ordonner le champ social et gouverner le changement social. La catégorie du « long terme » résulte d’une circulation des idées entre les courants français et américains qui travaillent au tournant des années 1950 et 1960 à la formulation d’outils pour la décision. Cet article étudie cette genèse et l’institutionnalisation du long terme au sein de l’État français, depuis le « souci d’avenir » qui préoccupe les élites au lendemain de la crise de Mai 1968 jusqu’au développement de l’État-stratège. Les idées managériales qui ont donné naissance à la prospective se transforment dans une réflexion de New Public Management, attestant de la continuité d’une approche entrepreneuriale de l’État.
520 _aGoverning the “long-term”This article examines French strategic foresight, as a way of understanding how contemporary states make use of forms of knowledge and expertise in order to govern. Relying on a series of quantitative and qualitative instruments, from indicators to scenarios, prospective emerged in the 1960s as a particular form of state expertise aiming at ordering social change. In doing so, it carried mainly American conceptions of decision science into the French planning apparatus. This article examines the genesis of the “long-term” as a category of action, and as question of bureaucratic future production in the French state. It examines the changing role of prospective from the preoccupation with societal discontinuity and social crisis in the wake of 1968, to the more recent concern with strategic planning. It argues that the strategic state understands change as directly related to its own agency, and governing the long term thus implies governing and managing the state itself.
690 _achangement
690 _aÉtat
690 _aprospective
690 _arécits
690 _asavoirs de gouvernement
690 _ascénario
690 _asciences sociales
690 _achange
690 _anarratives
690 _ascenario
690 _asocial science
690 _astate
690 _astate knowledge
786 0 _nGouvernement et action publique | VOL. 4 | 3 | 2015-10-15 | p. 9-29 | 2260-0965
856 4 1 _uhttps://shs.cairn.info/revue-gouvernement-et-action-publique-2015-3-page-9?lang=fr&redirect-ssocas=7080
999 _c1640180
_d1640180